Comentario a la epístola de San Pablo a los filipenses
Uloženo v:
| Hlavní autor: | |
|---|---|
| Médium: | Kniha |
| Jazyk: | španělština |
| Vydáno: |
Ciudad de México
Tradición
1978
|
| Vydání: | 1a. ed |
| Edice: | Colección Santo Tomás de Aquino, 12
|
| Témata: | |
| Tagy: |
Přidat tag
Žádné tagy, Buďte první, kdo vytvoří štítek k tomuto záznamu!
|
MARC
| LEADER | 00000cam a2200000 a 4500 | ||
|---|---|---|---|
| 001 | UCG9954 | ||
| 003 | CL-VaPUC | ||
| 008 | 120420e19780000MX |||||||||||||||||spa|d | ||
| 082 | 0 | 4 | |a 189.4 |b TOM |2 21 |
| 100 | |a Tomás de Aquino |d 1220-1274 |c Santo |e author |9 255832 | ||
| 245 | 1 | 0 | |a Comentario a la epístola de San Pablo a los filipenses |
| 250 | |a 1a. ed | ||
| 300 | |a 95 p | ||
| 942 | |c BK | ||
| 945 | |d 20120420 00:00:00 |a cmena | ||
| 260 | |a Ciudad de México |b Tradición |c 1978 | ||
| 600 | 0 | |a Pablo de Tarso, Santo |9 321163 | |
| 650 | 0 | |a Escolasticismo |9 264998 | |
| 650 | 0 | |a Epístolas |9 321181 | |
| 650 | 7 | |a CARTAS PAULINAS |2 CL-VaPUC |9 411151 | |
| 650 | 7 | |a FILIPENSES |2 CL-VaPUC |9 561732 | |
| 650 | 0 | |a Filosofía cristiana |9 265980 | |
| 583 | |a last modification |c 20171122 12:07:35 |k Rodrigo Vera | ||
| 490 | 0 | |a Colección Santo Tomás de Aquino, 12 | |
| 999 | |c 347479 |d 347477 | ||
| 952 | |0 0 |1 0 |4 0 |6 189_400000000000000_TOM_1978 |7 0 |8 P |9 448851 |a BIBEDU |b BIBEDU |c BIBEDU_PB |d 2019-11-22 |i 3834778 |o 189.4 TOM 1978 |p 3834778 |r 2024-01-25 |w 2019-11-22 |y BK |k FIL | ||